|
|
|
|
| LEADER |
00000nam a2200000 a 4500 |
| 001 |
vtls001221646 |
| 003 |
SK-MaSNL |
| 005 |
20260301154541.0 |
| 008 |
240313s1980 PL b 0 pol |
| 020 |
|
|
|c [10,00]
|
| 035 |
|
|
|a SNK000166859
|
| 040 |
|
|
|a SNK
|b slo
|c SNK
|e AACR2
|
| 044 |
|
|
|a PL
|
| 080 |
|
|
|a 929 Krzyżanowski, J.
|2 1981
|
| 100 |
1 |
|
|a Witek, Władysław Marian
|4 aut
|9 517602
|
| 245 |
1 |
|
|a Wspomnienie Juliana Krzyżanowskiego
|c Władysław Marian Witek
|
| 260 |
|
|
|a Wrocław
|b Zakład Narodowy im. Ossolińskich
|c 1980
|
| 300 |
|
|
|a S. 178-183
|c 21 cm
|
| 500 |
|
|
|a Xerokópia z: Litteraria 12, 1980
|
| 600 |
1 |
|
|a Krzyżanowski, Julian,
|d 1892-1977
|x spomienky životopisné
|x separáty
|2 SNK
|9 62851
|
| 958 |
|
|
|a OND
|
| 999 |
|
|
|c 797239
|d 799169
|
| 952 |
|
|
|t P60, <04>, [BOOK], {604}
|a SNK
|b SNK
|y VYP
|7 0
|p 17A0008845
|o snkIC 125991
|i snkV 1441/96
|0 0
|1 0
|4 0
|d 1996-08-27
|l 0
|r 2005-01-01 00:00:00
|w 2026-02-24
|